| 000 | 01664cam a2200385 a 4500 | ||
|---|---|---|---|
| 001 | 1318 | ||
| 003 | BD-DhEWU | ||
| 005 | 20180419132944.0 | ||
| 008 | 950309s1994 bg g b 001 0 eng | ||
| 010 | _a 94905489 | ||
| 020 | _a9840512552 | ||
| 025 | _aB-E-8301 | ||
| 035 | _a(OCoLC) 32200868 | ||
| 040 |
_aDLC _cDLC _beng _dBD-DhEWU |
||
| 041 | _aeng | ||
| 050 | 0 | 0 |
_aZ5075.B3 _bS53 1994 _aS471.B33 |
| 082 | 0 | 0 |
_a016.63343076 _222 _bALC 1994 |
| 100 | 2 |
_aShawkat Ali, A. M. M. _912995 |
|
| 245 | 1 | 0 |
_aComprehensive bibliography on agriculture and rural development / _cA.M.M. Shawkat Ali, Mujibur Rahman Khan. |
| 260 |
_aDhaka, Bangladesh : _bUniversity Press, _c1994. |
||
| 300 |
_aiv, 497 p. ; _c25 cm. |
||
| 500 | _aIncludes indexes. | ||
| 500 | _a Online version: Shawkat Ali, A. M. M. Comprehensive bibliography on agriculture and rural development. Dhaka, Bangladesh : University Press, 1994 (OCoLC)606030407 Online version: Shawkat Ali, A. M. M. Comprehensive bibliography on agriculture and rural development. Dhaka, Bangladesh : University Press, 1994 (OCoLC)629840491 | ||
| 520 | _aChiefly with reference to Bangladesh. | ||
| 526 | _aLibrary | ||
| 590 | _aShaharima Parvin | ||
| 650 | 0 |
_aAgriculture _zBangladesh _xBibliography. _915177 |
|
| 650 | 0 |
_aRural development _zBangladesh _xBibliography. _915178 |
|
| 651 | 0 |
_aBangladesh _xImprints. _915179 |
|
| 700 | 1 |
_aKhan, Mujibur Rahman. _915180 |
|
| 856 | 4 | 2 |
_3WorldCat details _uhttps://www.worldcat.org/title/comprehensive-bibliography-on-agriculture-and-rural-development/oclc/32200868&referer=brief_results |
| 942 |
_2ddc _cTEXT |
||
| 999 |
_c1318 _d1318 |
||
| 999 |
_c1318 _d1318 |
||
| 999 |
_c1318 _d1318 |
||